00310nam a2200121Ia 4500008004100000020002200041041001200063100001500075245005400090260002800144300000800172650000800180221220s9999 xx 000 0 und d a978-81-947765-3-6 aEnglish aB. Cardozo 4aThe Nature of the Judicial Processcby B. Cardozo bL & J Pub.aDelhic2022 a180 aLaw